Drapeau avec le plus de couleurs différentes - Statistiques

Statistiques générales
  • Ce quiz a été pris 69 fois
  • Le résultat moyen est 5 sur 20
Statistiques - réponses
Nombre de couleurs Pays % Correct
6 afrique du sud
75%
5 seychelles
68%
6 portugal
39%
19 belize
32%
6 dominique
29%
5 ouganda
29%
6 croatie
22%
7 haïti
22%
7 fidji
20%
8 guatemala
20%
5 mozambique
20%
6 andorre
19%
43 équateur
17%
5 namibie
17%
5 serbie
14%
5 guyana
12%
6 paraguay
12%
8 guinée équatoriale
8%
5 monténégro
7%
6 soudan du sud
7%
Aucun quiz correspondant
Distribution des résultats
% des personnes avec chaque résultat
Percentile par nombre de réponses
Votre historique - résultats
Vous n’avez pas pris ce quiz